[Event "Deutsche Ländermeisterschaft 2025"]
[Site "Oer-Erkenschwick GER"]
[Date "2025.10.04"]
[Round "6"]
[White "Besou, Hussain"]
[Black "Nunez Grégoire, Daniel"]
[Result "1/2-1/2"]
[Termination "normal"]
[Board "1.1"]
[WhiteTitle "FM"]
[WhiteElo "2376"]
[BlackElo "2245"]
[WhiteClock "00:07:21"]
[BlackClock "00:06:14"]
[WhiteTeam "Nordrhein-Westfalen 1"]
[BlackTeam "Württemberg"]
[PlyCount "151"]
[WhiteFideId "16269950"]
[BlackFideId "34627103"]
[EventCountry "GER"]
[EventRounds "7"]
[EventType "team-swiss"]
[EventDate "2025.09.30"]

1. e4 {[%clk 01:30:57]} {[%emt 00:00:02]} e5 {[%clk 01:30:57]} {[%emt
00:00:04]} 2. Nf3 {[%clk 01:31:12]} {[%emt 00:00:14]} Nc6 {[%clk 01:31:21]}
{[%emt 00:00:06]} 3. Bb5 {[%clk 01:31:34]} {[%emt 00:00:08]} a6 {[%clk
01:31:47]} {[%emt 00:00:04]} 4. Ba4 {[%clk 01:32:00]} {[%emt 00:00:04]} Nf6
{[%clk 01:32:13]} {[%emt 00:00:05]} 5. O-O {[%clk 01:32:21]} {[%emt 00:00:09]}
b5 {[%clk 01:32:37]} {[%emt 00:00:06]} 6. Bb3 {[%clk 01:32:46]} {[%emt
00:00:05]} Bc5 {[%clk 01:32:59]} {[%emt 00:00:08]} 7. c3 {[%clk 01:33:07]}
{[%emt 00:00:09]} d6 {[%clk 01:33:17]} {[%emt 00:00:12]} 8. d4 {[%clk
01:33:32]} {[%emt 00:00:04]} Bb6 {[%clk 01:33:32]} {[%emt 00:00:16]} 9. a4
{[%clk 01:33:53]} {[%emt 00:00:08]} Bb7 {[%clk 01:33:40]} {[%emt 00:00:23]} 10.
Bg5 {[%clk 01:31:52]} {[%emt 00:02:28]} h6 {[%clk 01:33:34]} {[%emt 00:00:39]}
11. Bxf6 {[%clk 01:31:53]} {[%emt 00:00:28]} Qxf6 {[%clk 01:33:53]} {[%emt
00:00:11]} 12. Bd5 {[%clk 01:32:09]} {[%emt 00:00:13]} O-O {[%clk 01:33:53]}
{[%emt 00:00:30]} 13. dxe5 {[%clk 01:32:03]} {[%emt 00:00:36]} dxe5 {[%clk
01:33:38]} {[%emt 00:00:45]} 14. Na3 {[%clk 01:29:09]} {[%emt 00:03:23]} Rad8
{[%clk 01:07:24]} {[%emt 00:26:45]} 15. Qc2 {[%clk 01:20:48]} {[%emt 00:08:50]}
bxa4 {[%clk 00:59:57]} {[%emt 00:07:57]} 16. Nc4 {[%clk 01:17:53]} {[%emt
00:03:23]} Na5 {[%clk 00:56:46]} {[%emt 00:03:43]} 17. Bxb7 {[%clk 01:13:33]}
{[%emt 00:04:50]} Nxb7 {[%clk 00:57:05]} {[%emt 00:00:12]} 18. Rxa4 {[%clk
01:07:58]} {[%emt 00:06:04]} Nc5 {[%clk 00:56:16]} {[%emt 00:01:20]} 19. Raa1
{[%clk 01:05:32]} {[%emt 00:02:56]} Qe6 {[%clk 00:45:32]} {[%emt 00:11:14]} 20.
Ncxe5 {[%clk 00:55:17]} {[%emt 00:10:45]} f6 {[%clk 00:41:29]} {[%emt
00:04:34]} 21. Ng6 {[%clk 00:54:24]} {[%emt 00:01:21]} Rfe8 {[%clk 00:40:25]}
{[%emt 00:01:35]} 22. e5 {[%clk 00:54:07]} {[%emt 00:00:47]} Nd3 {[%clk
00:35:54]} {[%emt 00:05:02]} 23. Rad1 {[%clk 00:46:24]} {[%emt 00:08:13]} fxe5
{[%clk 00:34:53]} {[%emt 00:01:31]} 24. Rxd3 {[%clk 00:44:37]} {[%emt
00:02:16]} Rxd3 {[%clk 00:29:47]} {[%emt 00:05:37]} 25. Qxd3 {[%clk 00:43:13]}
{[%emt 00:01:54]} e4 {[%clk 00:29:59]} {[%emt 00:00:18]} 26. Qc2 {[%clk
00:37:39]} {[%emt 00:06:03]} exf3 {[%clk 00:28:18]} {[%emt 00:02:12]} 27. gxf3
{[%clk 00:37:24]} {[%emt 00:00:45]} Qf6 {[%clk 00:25:12]} {[%emt 00:03:37]} 28.
f4 {[%clk 00:36:24]} {[%emt 00:01:29]} Qe6 {[%clk 00:19:42]} {[%emt 00:05:59]}
29. Ne5 {[%clk 00:33:49]} {[%emt 00:03:06]} Rf8 {[%clk 00:13:32]} {[%emt
00:06:42]} 30. Qe4 {[%clk 00:29:22]} {[%emt 00:04:55]} Qf5 {[%clk 00:11:50]}
{[%emt 00:02:13]} 31. Qxf5 {[%clk 00:28:46]} {[%emt 00:01:06]} Rxf5 {[%clk
00:12:18]} {[%emt 00:00:01]} 32. Nd3 {[%clk 00:29:04]} {[%emt 00:00:10]} Kf7
{[%clk 00:11:42]} {[%emt 00:01:07]} 33. c4 {[%clk 00:24:51]} {[%emt 00:04:42]}
Bd4 {[%clk 00:08:33]} {[%emt 00:03:40]} 34. Ra1 {[%clk 00:22:47]} {[%emt
00:02:34]} Rf6 {[%clk 00:06:12]} {[%emt 00:02:52]} 35. Ra5 {[%clk 00:16:26]}
{[%emt 00:06:50]} c5 {[%clk 00:05:50]} {[%emt 00:00:53]} 36. Kg2 {[%clk
00:15:30]} {[%emt 00:01:25]} Rb6 {[%clk 00:04:55]} {[%emt 00:01:25]} 37. Kf3
{[%clk 00:15:40]} {[%emt 00:00:21]} Bxb2 {[%clk 00:04:11]} {[%emt 00:01:13]}
38. Rxc5 {[%clk 00:15:42]} {[%emt 00:00:28]} Bc3 {[%clk 00:03:47]} {[%emt
00:00:55]} 39. Rc7+ {[%clk 00:11:40]} {[%emt 00:04:31]} Kf6 {[%clk 00:02:13]}
{[%emt 00:02:05]} 40. Nc5 {[%clk 00:08:42]} {[%emt 00:03:27]} Kf5 {[%clk
00:00:43]} {[%emt 00:02:02]} 41. Ke3 {[%clk 00:22:18]} {[%emt 00:16:53]} Bf6
{[%clk 00:25:32]} {[%emt 00:05:41]} 42. h3 {[%clk 00:19:49]} {[%emt 00:02:59]}
a5 {[%clk 00:22:06]} {[%emt 00:03:56]} 43. Nd3 {[%clk 00:17:24]} {[%emt
00:02:54]} Re6+ {[%clk 00:19:43]} {[%emt 00:02:54]} 44. Kf3 {[%clk 00:17:44]}
{[%emt 00:00:10]} Ra6 {[%clk 00:19:38]} {[%emt 00:00:36]} 45. Rc5+ {[%clk
00:16:57]} {[%emt 00:01:17]} Kg6 {[%clk 00:19:18]} {[%emt 00:00:51]} 46. f5+
{[%clk 00:15:04]} {[%emt 00:02:22]} Kf7 {[%clk 00:15:19]} {[%emt 00:04:29]} 47.
Rc7+ {[%clk 00:14:58]} {[%emt 00:00:35]} Ke8 {[%clk 00:14:57]} {[%emt
00:00:54]} 48. Nc5 {[%clk 00:12:35]} {[%emt 00:02:53]} Ra8 {[%clk 00:14:41]}
{[%emt 00:00:46]} 49. Na4 {[%clk 00:10:10]} {[%emt 00:02:54]} Rb8 {[%clk
00:13:52]} {[%emt 00:01:19]} 50. c5 {[%clk 00:09:25]} {[%emt 00:01:14]} Rb3+
{[%clk 00:13:31]} {[%emt 00:00:52]} 51. Ke2 {[%clk 00:09:28]} {[%emt 00:00:27]}
Bd4 {[%clk 00:10:24]} {[%emt 00:03:37]} 52. Ra7 {[%clk 00:08:01]} {[%emt
00:01:57]} Ra3 {[%clk 00:10:14]} {[%emt 00:00:42]} 53. Rxa5 {[%clk 00:05:02]}
{[%emt 00:03:29]} Bxc5 {[%clk 00:10:14]} {[%emt 00:00:29]} 54. Rxc5 {[%clk
00:05:08]} {[%emt 00:00:24]} Rxa4 {[%clk 00:10:34]} {[%emt 00:00:10]} 55. Rc7
{[%clk 00:05:32]} {[%emt 00:00:06]} Kf8 {[%clk 00:10:30]} {[%emt 00:00:35]} 56.
Kf3 {[%clk 00:05:53]} {[%emt 00:00:08]} Kg8 {[%clk 00:09:04]} {[%emt 00:01:56]}
57. Kg3 {[%clk 00:06:00]} {[%emt 00:00:23]} Rb4 {[%clk 00:09:05]} {[%emt
00:00:28]} 58. Ra7 {[%clk 00:06:06]} {[%emt 00:00:25]} Rc4 {[%clk 00:08:01]}
{[%emt 00:01:35]} 59. Rb7 {[%clk 00:06:29]} {[%emt 00:00:07]} Ra4 {[%clk
00:08:22]} {[%emt 00:00:09]} 60. f3 {[%clk 00:06:50]} {[%emt 00:00:09]} Rc4
{[%clk 00:08:18]} {[%emt 00:00:34]} 61. f4 {[%clk 00:06:52]} {[%emt 00:00:28]}
Rc5 {[%clk 00:06:25]} {[%emt 00:02:23]} 62. Kg4 {[%clk 00:07:14]} {[%emt
00:00:08]} Ra5 {[%clk 00:05:32]} {[%emt 00:01:23]} 63. Rc7 {[%clk 00:06:23]}
{[%emt 00:01:21]} Rb5 {[%clk 00:05:53]} {[%emt 00:00:09]} 64. h4 {[%clk
00:06:02]} {[%emt 00:00:52]} Kf8 {[%clk 00:05:34]} {[%emt 00:00:49]} 65. Ra7
{[%clk 00:06:17]} {[%emt 00:00:14]} Rc5 {[%clk 00:05:27]} {[%emt 00:00:37]} 66.
Ra8+ {[%clk 00:06:27]} {[%emt 00:00:20]} Kf7 {[%clk 00:05:46]} {[%emt
00:00:11]} 67. Ra7+ {[%clk 00:06:52]} {[%emt 00:00:04]} Kf6 {[%clk 00:05:55]}
{[%emt 00:00:22]} 68. Ra6+ {[%clk 00:06:55]} {[%emt 00:00:26]} Kf7 {[%clk
00:06:15]} {[%emt 00:00:11]} 69. Re6 {[%clk 00:06:23]} {[%emt 00:01:01]} Ra5
{[%clk 00:05:48]} {[%emt 00:00:57]} 70. Re5 {[%clk 00:06:35]} {[%emt 00:00:17]}
Ra4 {[%clk 00:05:53]} {[%emt 00:00:26]} 71. Rb5 {[%clk 00:06:47]} {[%emt
00:00:18]} Rc4 {[%clk 00:05:44]} {[%emt 00:00:39]} 72. Rd5 {[%clk 00:06:31]}
{[%emt 00:00:45]} Ra4 {[%clk 00:06:00]} {[%emt 00:00:14]} 73. Rd6 {[%clk
00:06:45]} {[%emt 00:00:16]} Ra5 {[%clk 00:06:00]} {[%emt 00:00:31]} 74. Rb6
{[%clk 00:07:08]} {[%emt 00:00:07]} Rc5 {[%clk 00:06:20]} {[%emt 00:00:11]} 75.
f6 {[%clk 00:07:01]} {[%emt 00:00:36]} h5+ {[%clk 00:06:14]} {[%emt 00:00:36]}
76. Kf3 {[%clk 00:07:21]} {[%emt 00:00:10]} 1/2-1/2

[Event "Deutsche Ländermeisterschaft 2025"]
[Site "Oer-Erkenschwick GER"]
[Date "2025.10.04"]
[Round "6"]
[White "Yasmo, Daniil"]
[Black "Korchynskyi, Mykola"]
[Result "0-1"]
[Termination "normal"]
[Board "1.2"]
[BlackTitle "FM"]
[WhiteElo "2095"]
[BlackElo "2372"]
[WhiteClock "00:27:55"]
[BlackClock "00:29:13"]
[WhiteTeam "Württemberg"]
[BlackTeam "Nordrhein-Westfalen 1"]
[PlyCount "92"]
[WhiteFideId "14199165"]
[BlackFideId "34138005"]
[EventCountry "GER"]
[EventRounds "7"]
[EventType "team-swiss"]
[EventDate "2025.09.30"]

1. d4 {[%clk 01:30:59]} Nf6 {[%clk 01:30:43]} {[%emt 00:00:17]} 2. c4 {[%clk
01:31:23]} {[%emt 00:00:07]} e6 {[%clk 01:31:07]} {[%emt 00:00:06]} 3. Nc3
{[%clk 01:31:50]} {[%emt 00:00:03]} Bb4 {[%clk 01:28:43]} {[%emt 00:02:54]} 4.
f3 {[%clk 01:32:16]} {[%emt 00:00:04]} d5 {[%clk 01:26:30]} {[%emt 00:02:43]}
5. a3 {[%clk 01:32:40]} {[%emt 00:00:07]} Bxc3+ {[%clk 01:25:38]} {[%emt
00:01:21]} 6. bxc3 {[%clk 01:33:05]} {[%emt 00:00:05]} O-O {[%clk 01:25:45]}
{[%emt 00:00:23]} 7. cxd5 {[%clk 01:33:17]} {[%emt 00:00:17]} exd5 {[%clk
01:25:23]} {[%emt 00:00:53]} 8. e3 {[%clk 01:33:38]} {[%emt 00:00:09]} Bf5
{[%clk 01:23:10]} {[%emt 00:02:43]} 9. Ne2 {[%clk 01:33:49]} {[%emt 00:00:19]}
c5 {[%clk 01:20:55]} {[%emt 00:02:46]} 10. g4 {[%clk 01:33:53]} {[%emt
00:00:26]} Bg6 {[%clk 01:17:58]} {[%emt 00:03:27]} 11. h4 {[%clk 01:33:50]}
{[%emt 00:00:32]} h5 {[%clk 01:11:57]} {[%emt 00:06:31]} 12. g5 {[%clk
01:34:16]} {[%emt 00:00:04]} Nh7 {[%clk 01:07:44]} {[%emt 00:04:43]} 13. Ng3
{[%clk 01:28:35]} {[%emt 00:06:12]} cxd4 {[%clk 01:00:31]} {[%emt 00:07:44]}
14. cxd4 {[%clk 01:28:17]} {[%emt 00:00:47]} Nc6 {[%clk 00:54:18]} {[%emt
00:06:43]} 15. Ra2 {[%clk 01:21:29]} {[%emt 00:07:17]} Ne7 {[%clk 00:28:10]}
{[%emt 00:26:39]} 16. Bh3 {[%clk 01:12:10]} {[%emt 00:09:48]} f5 {[%clk
00:25:47]} {[%emt 00:02:53]} 17. Ne2 {[%clk 01:02:23]} {[%emt 00:10:16]} Bf7
{[%clk 00:23:57]} {[%emt 00:02:21]} 18. Nf4 {[%clk 01:00:03]} {[%emt 00:02:49]}
g6 {[%clk 00:23:05]} {[%emt 00:01:23]} 19. Rhh2 {[%clk 00:54:19]} {[%emt
00:06:13]} Nc6 {[%clk 00:19:57]} {[%emt 00:03:39]} 20. Bxf5 {[%clk 00:44:28]}
{[%emt 00:10:21]} Qd6 {[%clk 00:20:23]} {[%emt 00:00:04]} 21. Bb1 {[%clk
00:38:54]} {[%emt 00:06:03]} Rfe8 {[%clk 00:19:38]} {[%emt 00:01:15]} 22. Kf1
{[%clk 00:37:20]} {[%emt 00:02:04]} Nf8 {[%clk 00:20:00]} {[%emt 00:00:08]} 23.
Rhc2 {[%clk 00:27:16]} {[%emt 00:10:34]} Na5 {[%clk 00:19:29]} {[%emt
00:01:02]} 24. Rc3 {[%clk 00:26:37]} {[%emt 00:01:08]} Nc4 {[%clk 00:18:54]}
{[%emt 00:01:06]} 25. Re2 {[%clk 00:24:17]} {[%emt 00:02:48]} Rad8 {[%clk
00:18:00]} {[%emt 00:01:25]} 26. Qa4 {[%clk 00:21:27]} {[%emt 00:03:17]} b5
{[%clk 00:14:11]} {[%emt 00:04:21]} 27. Qb4 {[%clk 00:19:42]} {[%emt 00:02:15]}
Qd7 {[%clk 00:14:23]} {[%emt 00:00:19]} 28. Ba2 {[%clk 00:19:01]} {[%emt
00:01:11]} Ne6 {[%clk 00:12:41]} {[%emt 00:02:12]} 29. Nxe6 {[%clk 00:17:58]}
{[%emt 00:01:32]} Bxe6 {[%clk 00:12:39]} {[%emt 00:00:32]} 30. Bxc4 {[%emt
00:00:40]} bxc4 {[%clk 00:12:48]} {[%emt 00:00:05]} 31. Rb2 {[%clk 00:15:39]}
{[%emt 00:02:55]} Rf8 {[%clk 00:12:39]} {[%emt 00:00:40]} 32. Rf2 {[%clk
00:12:13]} {[%emt 00:03:55]} Rb8 {[%clk 00:09:50]} {[%emt 00:03:19]} 33. Qa5
{[%clk 00:12:40]} {[%emt 00:00:04]} Rb1 {[%clk 00:09:27]} {[%emt 00:00:53]} 34.
Kg2 {[%clk 00:10:51]} {[%emt 00:02:19]} Bh3+ {[%clk 00:06:09]} {[%emt
00:03:48]} 35. Kh2 {[%clk 00:08:50]} {[%emt 00:02:31]} Bg4 {[%clk 00:06:17]}
{[%emt 00:00:22]} 36. e4 {[%clk 00:05:33]} {[%emt 00:03:47]} dxe4 {[%clk
00:06:26]} {[%emt 00:00:21]} 37. Rxc4 {[%clk 00:05:58]} {[%emt 00:00:06]} e3
{[%clk 00:05:35]} {[%emt 00:01:20]} 38. Bxe3 {[%clk 00:06:00]} {[%emt
00:00:28]} Bxf3 {[%clk 00:05:29]} {[%emt 00:00:36]} 39. Bc1 {[%clk 00:01:38]}
{[%emt 00:04:52]} Qg4 {[%clk 00:05:50]} {[%emt 00:00:09]} 40. Rxf3 {[%clk
00:01:34]} {[%emt 00:00:34]} Qxh4+ {[%clk 00:03:18]} {[%emt 00:03:03]} 41. Kg1
{[%clk 00:27:56]} {[%emt 00:04:08]} Qg4+ {[%clk 00:32:42]} {[%emt 00:01:05]}
42. Kh2 {[%clk 00:28:22]} {[%emt 00:00:04]} Qxf3 {[%clk 00:33:03]} {[%emt
00:00:09]} 43. Qe1 {[%clk 00:28:37]} {[%emt 00:00:16]} Qd5 {[%clk 00:29:10]}
{[%emt 00:04:19]} 44. Rc2 {[%clk 00:27:56]} {[%emt 00:01:14]} Rb3 {[%clk
00:28:33]} {[%emt 00:01:07]} 45. Rc3 {[%clk 00:27:28]} {[%emt 00:00:58]} Rxc3
{[%clk 00:28:47]} {[%emt 00:00:16]} 46. Qxc3 {[%clk 00:27:55]} {[%emt
00:00:03]} Rf2+ {[%clk 00:29:13]} {[%emt 00:00:04]} 0-1

[Event "Deutsche Ländermeisterschaft 2025"]
[Site "Oer-Erkenschwick GER"]
[Date "2025.10.04"]
[Round "6"]
[White "Gallasch, Jonas"]
[Black "Ensslinger, Colin"]
[Result "1-0"]
[Termination "normal"]
[Board "1.3"]
[WhiteTitle "FM"]
[WhiteElo "2304"]
[BlackElo "2095"]
[WhiteClock "00:08:28"]
[BlackClock "00:25:31"]
[WhiteTeam "Nordrhein-Westfalen 1"]
[BlackTeam "Württemberg"]
[PlyCount "101"]
[WhiteFideId "16222474"]
[BlackFideId "16226011"]
[EventCountry "GER"]
[EventRounds "7"]
[EventType "team-swiss"]
[EventDate "2025.09.30"]

1. c4 {[%clk 01:30:47]} {[%emt 00:00:13]} Nf6 {[%clk 01:30:08]} {[%emt
00:00:52]} 2. g3 {[%clk 01:31:12]} {[%emt 00:00:05]} g6 {[%clk 01:27:18]}
{[%emt 00:03:20]} 3. Bg2 {[%clk 01:31:33]} {[%emt 00:00:09]} Bg7 {[%clk
01:27:41]} {[%emt 00:00:07]} 4. d4 {[%clk 01:31:56]} {[%emt 00:00:06]} c5
{[%clk 01:27:19]} {[%emt 00:00:53]} 5. Nf3 {[%clk 01:29:59]} {[%emt 00:02:27]}
cxd4 {[%clk 01:24:10]} {[%emt 00:03:39]} 6. Nxd4 {[%clk 01:29:50]} {[%emt
00:00:39]} O-O {[%clk 01:24:29]} {[%emt 00:00:11]} 7. O-O {[%clk 01:30:18]}
{[%emt 00:00:03]} Nc6 {[%clk 01:23:25]} {[%emt 00:01:33]} 8. Nc3 {[%clk
01:30:44]} {[%emt 00:00:04]} Qb6 {[%clk 01:17:33]} {[%emt 00:06:22]} 9. Ndb5
{[%clk 01:13:46]} {[%emt 00:17:28]} a6 {[%clk 01:09:18]} {[%emt 00:08:44]} 10.
Na3 {[%clk 01:10:26]} {[%emt 00:03:50]} d6 {[%clk 01:08:21]} {[%emt 00:01:27]}
11. Na4 {[%clk 01:05:27]} {[%emt 00:05:29]} Qd8 {[%clk 01:05:21]} {[%emt
00:03:30]} 12. Be3 {[%clk 00:54:16]} {[%emt 00:11:41]} Be6 {[%clk 00:58:46]}
{[%emt 00:07:05]} 13. Qd2 {[%clk 00:47:33]} {[%emt 00:07:13]} Nd7 {[%clk
00:43:31]} {[%emt 00:15:45]} 14. Rac1 {[%clk 00:43:03]} {[%emt 00:05:00]} Qa5
{[%clk 00:35:23]} {[%emt 00:08:37]} 15. Qxa5 {[%clk 00:32:23]} {[%emt
00:11:11]} Nxa5 {[%clk 00:35:51]} {[%emt 00:00:03]} 16. Bd2 {[%clk 00:32:49]}
{[%emt 00:00:04]} Nc6 {[%clk 00:35:34]} {[%emt 00:00:47]} 17. Bc3 {[%clk
00:33:10]} {[%emt 00:00:09]} Rab8 {[%clk 00:34:15]} {[%emt 00:01:49]} 18. Rfd1
{[%clk 00:30:02]} {[%emt 00:03:39]} Rfc8 {[%clk 00:32:48]} {[%emt 00:01:56]}
19. b3 {[%clk 00:28:53]} {[%emt 00:01:40]} Bh6 {[%clk 00:31:02]} {[%emt
00:02:16]} 20. Bd2 {[%clk 00:27:18]} {[%emt 00:02:05]} Bg7 {[%clk 00:31:10]}
{[%emt 00:00:22]} 21. Bxc6 {[%clk 00:16:38]} {[%emt 00:11:09]} Rxc6 {[%clk
00:29:54]} {[%emt 00:01:45]} 22. Nc2 {[%clk 00:16:42]} {[%emt 00:00:27]} b5
{[%clk 00:22:35]} {[%emt 00:07:49]} 23. Nb4 {[%clk 00:17:07]} {[%emt 00:00:05]}
Rcc8 {[%clk 00:23:02]} {[%emt 00:00:04]} 24. cxb5 {[%clk 00:17:29]} {[%emt
00:00:07]} axb5 {[%clk 00:23:28]} {[%emt 00:00:04]} 25. Nc3 {[%clk 00:17:52]}
{[%emt 00:00:07]} Nc5 {[%clk 00:23:18]} {[%emt 00:00:40]} 26. Ncd5 {[%clk
00:14:01]} {[%emt 00:04:21]} Kf8 {[%clk 00:21:26]} {[%emt 00:02:22]} 27. Bg5
{[%clk 00:06:07]} {[%emt 00:08:24]} Rb7 {[%clk 00:20:14]} {[%emt 00:01:41]} 28.
Be3 {[%clk 00:06:36]} {[%emt 00:00:02]} Ne4 {[%clk 00:17:23]} {[%emt 00:03:19]}
29. Rxc8+ {[%clk 00:06:27]} {[%emt 00:00:41]} Bxc8 {[%clk 00:17:52]} {[%emt
00:00:01]} 30. f3 {[%clk 00:05:14]} {[%emt 00:01:43]} Nf6 {[%clk 00:12:41]}
{[%emt 00:05:42]} 31. Rc1 {[%clk 00:05:00]} {[%emt 00:00:44]} Be6 {[%clk
00:11:51]} {[%emt 00:01:20]} 32. Nb6 {[%clk 00:04:58]} {[%emt 00:00:31]} Ke8
{[%clk 00:10:32]} {[%emt 00:01:49]} 33. a4 {[%clk 00:05:13]} {[%emt 00:00:16]}
bxa4 {[%clk 00:09:48]} {[%emt 00:01:13]} 34. bxa4 {[%clk 00:05:42]} Bh6 {[%clk
00:10:09]} {[%emt 00:00:10]} 35. Bxh6 {[%clk 00:04:26]} {[%emt 00:01:46]} Rxb6
{[%clk 00:10:20]} {[%emt 00:00:20]} 36. Bd2 {[%clk 00:04:17]} {[%emt 00:00:39]}
Nd5 {[%clk 00:09:25]} {[%emt 00:01:25]} 37. Nd3 {[%clk 00:04:16]} {[%emt
00:00:31]} Rb3 {[%clk 00:07:58]} {[%emt 00:01:57]} 38. Ra1 {[%clk 00:00:43]}
{[%emt 00:04:03]} Nc3 {[%clk 00:06:50]} {[%emt 00:01:38]} 39. Bxc3 {[%clk
00:00:59]} {[%emt 00:00:14]} Rxc3 {[%clk 00:07:14]} {[%emt 00:00:06]} 40. a5
{[%clk 00:01:09]} {[%emt 00:00:21]} Rc7 {[%clk 00:07:35]} {[%emt 00:00:08]} 41.
Kf2 {[%clk 00:15:32]} {[%emt 00:16:08]} Kd7 {[%clk 00:35:15]} {[%emt 00:02:49]}
42. a6 {[%clk 00:09:02]} {[%emt 00:07:01]} Ra7 {[%clk 00:35:22]} {[%emt
00:00:22]} 43. Nb4 {[%clk 00:09:29]} {[%emt 00:00:04]} Bc4 {[%clk 00:32:23]}
{[%emt 00:03:28]} 44. e4 {[%clk 00:08:20]} {[%emt 00:01:40]} d5 {[%clk
00:30:37]} {[%emt 00:02:16]} 45. exd5 {[%clk 00:08:06]} {[%emt 00:00:44]} Kd6
{[%clk 00:30:59]} {[%emt 00:00:08]} 46. Ra5 {[%clk 00:07:42]} {[%emt 00:00:54]}
g5 {[%clk 00:27:40]} {[%emt 00:03:49]} 47. Ke3 {[%clk 00:08:07]} {[%emt
00:00:05]} f5 {[%clk 00:27:41]} {[%emt 00:00:29]} 48. f4 {[%clk 00:07:54]}
{[%emt 00:00:43]} h6 {[%clk 00:27:48]} {[%emt 00:00:23]} 49. Kd4 {[%clk
00:08:08]} {[%emt 00:00:15]} Bf1 {[%clk 00:27:54]} {[%emt 00:00:23]} 50. Rc5
{[%clk 00:08:02]} {[%emt 00:00:37]} Rd7 {[%clk 00:25:31]} {[%emt 00:02:52]} 51.
Rc6# {[%clk 00:08:28]} {[%emt 00:00:06]} 1-0

[Event "Deutsche Ländermeisterschaft 2025"]
[Site "Oer-Erkenschwick GER"]
[Date "2025.10.04"]
[Round "6"]
[White "Naumann, Lennart"]
[Black "Möller, Maurin"]
[Result "0-1"]
[Termination "normal"]
[Board "1.4"]
[BlackTitle "FM"]
[WhiteElo "1895"]
[BlackElo "2317"]
[WhiteClock "00:14:36"]
[BlackClock "00:54:20"]
[WhiteTeam "Württemberg"]
[BlackTeam "Nordrhein-Westfalen 1"]
[PlyCount "64"]
[WhiteFideId "34644830"]
[BlackFideId "16265696"]
[EventCountry "GER"]
[EventRounds "7"]
[EventType "team-swiss"]
[EventDate "2025.09.30"]

1. e4 {[%clk 01:30:59]} e5 {[%clk 01:30:51]} {[%emt 00:00:10]} 2. Nf3 {[%clk
01:31:20]} {[%emt 00:00:08]} Nc6 {[%clk 01:31:16]} {[%emt 00:00:05]} 3. Nc3
{[%clk 01:31:38]} {[%emt 00:00:11]} Nf6 {[%clk 01:31:40]} {[%emt 00:00:06]} 4.
a3 {[%clk 01:32:02]} {[%emt 00:00:06]} d5 {[%clk 01:31:50]} {[%emt 00:00:20]}
5. Bb5 {[%clk 01:32:20]} {[%emt 00:00:12]} d4 {[%clk 01:32:13]} {[%emt
00:00:07]} 6. Ne2 {[%clk 01:32:30]} {[%emt 00:00:19]} Bd6 {[%clk 01:32:34]}
{[%emt 00:00:10]} 7. Bxc6+ {[%clk 01:32:16]} {[%emt 00:00:45]} bxc6 {[%clk
01:32:59]} {[%emt 00:00:05]} 8. d3 {[%clk 01:32:26]} {[%emt 00:00:19]} O-O
{[%clk 01:33:16]} {[%emt 00:00:12]} 9. Ng3 {[%clk 01:32:18]} {[%emt 00:00:38]}
c5 {[%clk 01:30:49]} {[%emt 00:02:58]} 10. b3 {[%clk 01:31:26]} {[%emt
00:01:22]} Kh8 {[%clk 01:27:00]} {[%emt 00:04:19]} 11. O-O {[%clk 01:30:20]}
{[%emt 00:01:35]} Ng8 {[%clk 01:24:02]} {[%emt 00:03:29]} 12. Re1 {[%clk
01:23:52]} {[%emt 00:06:58]} Ne7 {[%clk 01:22:20]} {[%emt 00:02:13]} 13. Bd2
{[%clk 01:16:57]} {[%emt 00:07:25]} a5 {[%clk 01:14:47]} {[%emt 00:08:04]} 14.
a4 {[%clk 00:58:01]} {[%emt 00:19:25]} f6 {[%clk 01:14:23]} {[%emt 00:00:54]}
15. Qe2 {[%clk 00:50:29]} {[%emt 00:08:02]} Bg4 {[%clk 01:12:22]} {[%emt
00:02:31]} 16. h3 {[%clk 00:49:49]} {[%emt 00:01:09]} Be6 {[%clk 01:12:46]}
{[%emt 00:00:06]} 17. Nh4 {[%clk 00:46:42]} {[%emt 00:03:36]} g6 {[%clk
01:10:28]} {[%emt 00:02:50]} 18. Nf3 {[%clk 00:35:59]} {[%emt 00:11:13]} Qd7
{[%clk 01:10:39]} {[%emt 00:00:19]} 19. Rad1 {[%clk 00:35:38]} {[%emt
00:00:52]} Rg8 {[%clk 01:02:19]} {[%emt 00:08:49]} 20. h4 {[%clk 00:31:05]}
{[%emt 00:05:02]} Bg4 {[%clk 01:02:11]} {[%emt 00:00:38]} 21. Bh6 {[%clk
00:30:09]} {[%emt 00:01:27]} g5 {[%clk 00:54:32]} {[%emt 00:08:09]} 22. hxg5
{[%clk 00:25:41]} {[%emt 00:04:59]} fxg5 {[%clk 00:54:49]} {[%emt 00:00:11]}
23. Qd2 {[%clk 00:25:27]} {[%emt 00:00:43]} Bxf3 {[%clk 00:54:43]} {[%emt
00:00:38]} 24. gxf3 {[%clk 00:25:30]} {[%emt 00:00:26]} Qh3 {[%clk 00:55:04]}
{[%emt 00:00:09]} 25. Bxg5 {[%clk 00:25:13]} {[%emt 00:00:46]} Raf8 {[%clk
00:53:09]} {[%emt 00:02:26]} 26. Bxe7 {[%clk 00:15:53]} {[%emt 00:09:50]} Bxe7
{[%clk 00:53:32]} {[%emt 00:00:07]} 27. Qe2 {[%clk 00:16:15]} {[%emt 00:00:07]}
Bg5 {[%clk 00:52:53]} {[%emt 00:01:09]} 28. Qf1 {[%clk 00:16:20]} {[%emt
00:00:26]} Qh4 {[%clk 00:53:14]} {[%emt 00:00:09]} 29. Qg2 {[%clk 00:14:51]}
{[%emt 00:01:59]} Bf4 {[%clk 00:53:26]} {[%emt 00:00:18]} 30. Qh2 {[%clk
00:14:36]} {[%emt 00:00:44]} Bxg3 {[%clk 00:53:42]} {[%emt 00:00:15]} 31. fxg3
{[%clk 00:14:17]} {[%emt 00:00:49]} Rxg3+ {[%clk 00:54:01]} {[%emt 00:00:11]}
32. Kh1 {[%clk 00:14:36]} {[%emt 00:00:11]} Rh3 {[%clk 00:54:20]} {[%emt
00:00:10]} 0-1